Các phương pháp phân tích vật lý và hoá lý : Câu hỏi và bài tập
Sách tập trung chủ yếu vào các chủ đề phổ hồng ngoại và Raman; phổ tử ngoại và khả biến; phổ cộng hưởng từ nhân; phổ khối lượng; phương pháp phổ tia X và phương pháp độ khúc xạ phân tử....
Αποθηκεύτηκε σε:
| Κύριος συγγραφέας: | |
|---|---|
| Μορφή: | Βιβλίο |
| Γλώσσα: | Undetermined |
| Έκδοση: |
Hà Nội
Khoa học và Kỹ thuật
2001
|
| Θέματα: | |
| Ετικέτες: |
Προσθήκη ετικέτας
Δεν υπάρχουν, Καταχωρήστε ετικέτα πρώτοι!
|
| Thư viện lưu trữ: | Trung tâm Học liệu Trường Đại học Cần Thơ |
|---|
| LEADER | 01164nam a2200241Ia 4500 | ||
|---|---|---|---|
| 001 | CTU_151983 | ||
| 008 | 210402s9999 xx 000 0 und d | ||
| 082 | |a 541.076 | ||
| 082 | |b Tr309 | ||
| 100 | |a Nguyễn, Đình Triệu | ||
| 245 | 0 | |a Các phương pháp phân tích vật lý và hoá lý : | |
| 245 | 0 | |b Câu hỏi và bài tập | |
| 245 | 0 | |c Ngyuễn Đình Triệu, Nguyễn Đình Thành | |
| 260 | |a Hà Nội | ||
| 260 | |b Khoa học và Kỹ thuật | ||
| 260 | |c 2001 | ||
| 520 | |a Sách tập trung chủ yếu vào các chủ đề phổ hồng ngoại và Raman; phổ tử ngoại và khả biến; phổ cộng hưởng từ nhân; phổ khối lượng; phương pháp phổ tia X và phương pháp độ khúc xạ phân tử. | ||
| 526 | |a Các phương pháp phân tích vật liệu | ||
| 526 | |b CN626 | ||
| 650 | |a Chemistry, physical and theoretical,Hóa lý | ||
| 650 | |x Problems, exrcise, etc.,Câu hỏi và bài tập | ||
| 904 | |i Dương, Hằng | ||
| 980 | |a Trung tâm Học liệu Trường Đại học Cần Thơ | ||